000 00589nam a2200229Ia 4500
003 OSt
005 20221005122905.0
006 a|||||r|||| 00| 0
007 ta
008 221004b |||||||| |||| 00| 0 kan d
024 _a62271
037 _cTextual
040 _aCRL
_cCRL
_bkan
041 _2kan
_akan
082 _aO33,1J08:g, G8
100 _aKatti Sheshacharya Au.
_9632782
245 0 _aKavi Kanaka dasaru
260 _c1938
650 _aKANNAD LITERATURE
942 _hO33,1J08:g, G8
_cTEXL
_2cc
999 _c1045712
_d1045712